[Event "GRE-chT 44th"]
[Site "Achaia"]
[Date "2016.07.06"]
[Round "2.17"]
[White "Kipraki, Nikoleta"]
[Black "Ispas, Eugenia"]
[Result "1-0"]
[WhiteElo "1663"]
[BlackElo "1571"]
[PlyCount "77"]
[EventDate "2016.07.05"]
[EventType "team-swiss"]
[EventRounds "7"]
[EventCountry "GRE"]
[SourceTitle "CBM 173 Extra"]
[Source "ChessBase"]
[SourceDate "2016.08.29"]
[SourceVersion "1"]
[SourceVersionDate "2016.08.29"]
[SourceQuality "1"]
[WhiteTeam "Xanthi CN"]
[BlackTeam "Filiatron CN"]
[WhiteTeamCountry "GRE"]
[BlackTeamCountry "GRE"]

1. d4 e6 2. Nf3 d5 3. Bf4 Bd6 4. Bg5 Be7 5. Bf4 c5 6. e3 Nc6 7. c3 Nf6 8. Nbd2 Bd7 9. Bd3 c4 10. Be2 b5 11. 0-0 Ne4 12. Nxe4 dxe4 13. Nd2 f5 14. f3 exf3 15. Nxf3 0-0 16. Qe1 Qe8 17. Ne5 Nxe5 18. Bxe5 Bc6 19. Qg3 Qg6 20. Qh3 Qg5 21. Rf4 Rad8 22. Bf3 Bd5 23. Rf1 Qh6 24. Qxh6 gxh6 25. Bxd5 Rxd5 26. R4f3 Bf6 27. Bxf6 Rxf6 28. e4 Rd7 29. exf5 exf5 30. Rxf5 Rxf5 31. Rxf5 Rb7 32. Kf2 Kg7 33. Ke3 Kg6 34. g4 b4 35. d5 bxc3 36. bxc3 Rb2 37. d6 Rb7 38. Kd4 Rd7 39. Kc5 1-0